01479nam a22003137a 4500003000500000005001700005008004100022010001100063011001100074035001100085040000900096082001700105110005400122245010100176260007300277300001300350505030000363590004100663590004100704590004100745590004200786650003600828650004500864901000700909942001000916949008000926999001901006952014001025CHAP20220329143816.0111013s1991 mx r 00010 spa d a102148 a103120 a113809 cCHAP04a378.122bUa12 aUACH. Subdirección de Apoyo Académico911596010aPrograma de actividades de las instancias que dependen de la Subdirección de Apoyo Académico aChapingo, Méx. :bUACH. Subdirección de Apoyo Académico,c1991 a[100 p.]0 a1. Centro de Idiomas. 2. Departamento de Educación Física. 3. Departamento de Servicios Educativos. 4. Depatamento de Intercambio Académico. 5. Coordinación de Servicio Social. 6. Coordinación para la Convivencia Universitaria. 7. Departamento de Control Docente. 8. Biblioteca Central aBATCH-UPDb10c20130110lUCH01h1619 aBATCH-UPDb10c20130410lUCH01h1013 aBATCH-UPDb10c20130914lUCH01h2056 aCONVERSIONb10c20130109lUCH01h135614aUACHxAdministración.911580114aUniversidadesxAdministración.9116596 aBK cLIBRO a378.122 Ua1bBCcLIBROd33724002307215eLIBROgDonaciØnh115981i113809sb c102148d102148 00102ddc4054708UACHaBCbBCcPA_UACHd2019-12-31eDonacionl0o378.122 Ua1p33724002307215r2019-12-31 00:00:00w2019-12-31yLIBRO